Fleurs de A-Z - Statistiques

Statistiques générales
  • Ce quiz a été pris 380 fois
  • Le résultat moyen est 8 sur 26
Statistiques - réponses
Lettre Indice Fleur % Correct
R Aussi une couleur Rose
83%
T Fleur se tournant toujours vers le Soleil Tournesol
80%
A Aussi un Animal Marin Anémone
74%
I Aussi un Prénom Iris
74%
V Dit d'une chose Féminine en Violet Violette
65%
M Aussi une teinte de Violet Mauve
59%
H Grosse Fleur Violacée, aussi un Prénom Hortensia
53%
N Aussi le Fils de Céphise et de Liriope dans la Mythologie Grecque Narcisse
42%
D Aussi un Mot relatif aux Doigts Digitale
41%
L Aussi une teinte de Violet Lavande
37%
S Plante Aromatique utilisée en Cuisine Sauge
36%
J Fleur Verticale Violacée, aussi un Prénom Jacinthe
33%
P Fleur Rose Vivace; aussi un Prénom Petunia
32%
C Aussi un Prénon et une Race de Singe Capucine
31%
B Aussi une Baie proche de la Myrtille Bleuet
23%
Y Une Fleur Beaucoup utilisée pour des Huiles Essentielles Ylang-ylang
21%
Z Fleur proche des Marguerites et des Cosmos Zinnia
17%
G Fleur Jaune, Proche d'une Ville Suisse Genêt
12%
O Aussi une teinte de Violet Orchidée
11%
E Aussi une Décoration d'un Sapin de Noël Etoile de noël
8%
K Une Plante Succulente (pas dans le sens comestible) Kalanchoë
6%
F Une Fleur Beaucoup utilisée pour des Huiles Essentielles Fumeterre
1%
U Aussi appellée Lampistrelle Urosperme de Daléchamps
1%
X Mauvaise Herbe de Printemps Xanthium
1%
Q Fleur Sèche, aussi appelé le Lagure Ovale, Doudou, Pinpin Queue-de-lièvre des sables
0%
W Petite Fleur Jaune produisant une Baie Rouge Withanie frutescente
0%
Aucun quiz correspondant
Distribution des résultats
% des personnes avec chaque résultat
Percentile par nombre de réponses
Votre historique - résultats
Vous n’avez pas pris ce quiz